000 00311nam a2200109Ia 4500
008 200302s9999 xx 000 0 und d
100 _aPeter Du Pont & Other
245 _aResidential Indoor Air Quality and Energy Efficiency
260 _bUniversitywide Energy Research Group
260 _c1989
300 _a267 P.,
999 _c2068
_d2068